| 000 | 01122nam a2200241Ia 4500 | ||
|---|---|---|---|
| 003 | OSt | ||
| 005 | 20200721202346.0 | ||
| 008 | 191128s2000 ck gr 000 0dspa d | ||
| 020 | _a958806015X | ||
| 040 |
_aCO-JMCR _cCO-JMCR |
||
| 041 | 0 | _aspa | |
| 082 | 0 | 4 |
_a330.9861 / _bS246c _223 |
| 100 | 1 |
_aSarmiento Palacio, Eduardo, _eautor _9945 |
|
| 245 | 1 | 0 |
_aCómo construir una nueva organización económica : _b la inestabilidad estructural del modelo neoliberal elementos para un Estado estratégico / _cEduardo Sarmiento Palacio |
| 250 | _aPrimera edición | ||
| 260 |
_aBogotá : _bOveja negra : Academia Colombiana de Ciencias Económicas : Escuela Colombiana de Ingeniería, _c2000. |
||
| 300 |
_a366 páginas ; _c23 cm. |
||
| 500 | _aIncluye datos biográficos del autor en la cubierta. | ||
| 505 | 0 | _aVentaja comparativa o confrontación -- Introducción -- Privatización de los servicios públicos -- Ciclos económicos -- Inestabilidad externa -- Ahorro y desregulación financiera -- Tecnología y capital | |
| 650 | 1 | 4 |
_aEconomía política _97597 |
| 650 | 2 | 4 |
_aHistoria económica _97598 |
| 942 |
_2ddc _cBK |
||
| 999 |
_c5597 _d5597 |
||